| 000 | 00701nam a2200265Ia 4500 | ||
|---|---|---|---|
| 001 | 18267 | ||
| 003 | GE_BSU | ||
| 008 | 181216s||||||||xx |||||||||||||| ||und|| | ||
| 020 | _a9782011558114 | ||
| 040 | _cGE_BSU | ||
| 080 | _a811.133.1 | ||
| 100 | _aBerthet,Annie. Dail, Emmanuelle,Hugot, Catherine, Waendendries, Monique | ||
| 245 | _aAlter Ego. A1. Methode de Francais.1 | ||
| 245 | _bCahier d'activites | ||
| 260 | _aParis | ||
| 260 | _bHachette | ||
| 260 | _c2012 | ||
| 300 | _a127p.ill.30cm. | ||
| 300 | _e+1CD | ||
| 541 | _h54 Gel. | ||
| 653 | _aAlter Ego. A1.Methode de Francais.1 | ||
| 653 | _aCahier d'activites | ||
| 653 | _aფრანგული ენა | ||
| 942 | _cBK | ||
| 999 |
_c51298 _d51298 |
||